[Event "Let's Play Chess!"]
[Site "http://www.queenalice.com/game.php?id=917984"]
[Date "2011.3.27"]
[Round "-"]
[White "Slazenger"]
[Black "SLCA"]
[Result "0-1"]
[WhiteElo "1752"]
[BlackElo "1040"]

1. e4 e6 2. d4 d5 3. e5 c5 4. c3 Nc6 5. Nf3 Qb6 6. Be3 cxd4 7. Bc1 dxc3 8. Nxc3
Bb4 9. Qd2 d4 10. Nxd4 Qxd4 11. Qxd4 Nxd4 12. Bd3 Ne7 13. a3 Bxc3+ 14. bxc3 Ndc6
15. f4 b6 16. O-O Bb7 17. Bb5 a6 18. Be2 O-O-O 19. Be3 b5 20. Bb6 Rd7 21. Rf2
Nd5 22. Bd4 Nxd4 23. cxd4 Ne3 24. a4 b4 25. Bf3 Rxd4 26. Bxb7+ Kxb7 27. Re2 Nd5
28. g3 Rc8 29. a5 Rc3 30. Rf2 g6 31. Ra4 Rdc4 32. Kg2 Rc2 33. Rxc2 Rxc2+ 34. Kh3
Rb2 35. Ra1 Nc3 36. g4 Rb1 0-1

[Event "Let's Play Chess!"]
[Site "http://www.queenalice.com/game.php?id=918025"]
[Date "2011.3.27"]
[Round "-"]
[White "SLCA"]
[Black "pauldavidkrewson"]
[Result "0-1"]
[WhiteElo "986"]
[BlackElo "1595"]

1. e4 e5 2. Nf3 Nc6 3. Bb5 Nf6 4. O-O Bc5 5. Nxe5 Nxe5 6. d4 Bxd4 7. Qxd4 Nc6 8.
Bxc6 bxc6 9. Bg5 O-O 10. e5 Nd5 11. Bxd8 Rxd8 12. Nc3 Ba6 13. Rfe1 Re8 14. Nxd5
cxd5 0-1

[Event "Let's Play Chess!"]
[Site "http://www.queenalice.com/game.php?id=918071"]
[Date "2011.3.27"]
[Round "-"]
[White "plot24"]
[Black "SLCA"]
[Result "0-1"]
[WhiteElo "1860"]
[BlackElo "1040"]

1. e4 e6 2. d4 d5 3. e5 c5 4. c3 Nc6 5. a3 Qb6 6. b4 cxb4 7. axb4 Bxb4 8. cxb4
Qxb4+ 9. Qd2 Qxd4 10. Qxd4 Nxd4 11. Bd3 Nb3 12. Bb2 Nxa1 13. Bxa1 Bd7 14. Nf3
Rc8 15. O-O Ne7 16. Nbd2 h6 17. Nb3 Nc6 18. Nc5 b6 19. Nxd7 Kxd7 20. Bb5 Ke7 21.
Bc3 Rc7 22. Rc1 Rhc8 23. Ba6 Rb8 24. Bb4+ Kd8 25. Bd6 Rbc8 26. Bxc8 Rxc8 27. Bf8
g6 28. Bxh6 a5 29. Be3 b5 30. Bb6+ Kd7 31. Rc5 b4 32. g3 a4 33. Nd4 Nxd4 34.
Rxc8 Nf3+ 35. Kg2 Kxc8 36. Kxf3 b3 0-1

[Event "Let's Play Chess!"]
[Site "http://www.queenalice.com/game.php?id=918107"]
[Date "2011.3.28"]
[Round "-"]
[White "tucuman"]
[Black "SLCA"]
[Result "1-0"]
[WhiteElo "1581"]
[BlackElo "1039"]

1. e4 e6 2. c4 c5 3. d3 Nc6 4. Nf3 g6 5. Nc3 Bg7 6. h3 Nge7 7. a3 O-O 8. Be2 d6
9. Bd2 Bd7 10. Qc1 f5 11. Bh6 e5 12. Bxg7 Kxg7 13. exf5 Bxf5 14. Qd2 Nd4 15.
Nxd4 cxd4 16. Ne4 d5 17. cxd5 Nxd5 18. O-O b6 19. Bf3 1-0

[Event "AUTO-OPEN-2313"]
[Site "http://www.queenalice.com/game.php?id=918186"]
[Date "2011.3.27"]
[Round "1"]
[White "SLCA"]
[Black "Pagano"]
[Result "0-1"]
[WhiteElo "996"]
[BlackElo "2073"]

1. e4 a6 2. d4 b5 3. Nf3 Bb7 4. Bd3 e6 5. Bf4 c5 6. dxc5 Bxc5 7. Nbd2 d6 8. Nb3
Bb6 9. Bxd6 Nc6 10. Bg3 Nf6 11. O-O O-O 12. e5 Nd5 13. h4 Qc7 14. Bxh7+ Kxh7 15.
Ng5+ Kh6 16. Qd2 Ne3 17. fxe3 Nxe5 0-1

[Event "AUTO-OPEN-2313"]
[Site "http://www.queenalice.com/game.php?id=918187"]
[Date "2011.3.27"]
[Round "1"]
[White "Pagano"]
[Black "SLCA"]
[Result "1-0"]
[WhiteElo "2050"]
[BlackElo "1039"]

1. e4 e6 2. d4 d5 3. e5 c5 4. Nf3 Nc6 5. Bb5 Bd7 6. O-O a6 7. Bxc6 Bxc6 8. Be3
Qb6 9. dxc5 Bxc5 10. Bxc5 Qxc5 11. c3 Ne7 12. Nbd2 Bd7 13. Nd4 Rc8 14. Kh1 1-0

[Event "AUTO-OPEN-2313"]
[Site "http://www.queenalice.com/game.php?id=918188"]
[Date "2011.3.27"]
[Round "1"]
[White "SLCA"]
[Black "salvador_2011"]
[Result "1-0"]
[WhiteElo "1040"]
[BlackElo "1500"]

1. e4 e6 2. d4 d5 3. Nd2 dxe4 4. Nxe4 Nd7 5. Nf3 Ngf6 6. Bd3 Be7 7. Bf4 O-O 8.
Qd2 Nxe4 9. Bxe4 c5 10. O-O-O Nf6 11. Rhe1 Nxe4 12. Rxe4 Qd5 13. Re3 Qxa2 14.
Ra3 Qc4 15. dxc5 Bxc5 16. Ne5 Qb5 17. Rg3 Bb4 18. Rxg7+ Kh8 19. Qe3 Qa5 20. Kb1
Kxg7 21. Qg3+ Kh8 22. Bh6 1-0

[Event "AUTO-OPEN-2313"]
[Site "http://www.queenalice.com/game.php?id=918189"]
[Date "2011.3.27"]
[Round "1"]
[White "salvador_2011"]
[Black "SLCA"]
[Result "1-0"]
[WhiteElo "1433"]
[BlackElo "1040"]

1. e4 e6 2. d4 d5 3. exd5 exd5 4. Nf3 Bd6 5. Bd3 Nc6 6. O-O Nge7 7. Re1 Bg4 8.
c3 Qd7 9. Nbd2 f6 10. b4 g5 11. b5 Na5 12. Be2 O-O-O 13. Qa4 b6 14. Nb3 Bxf3 15.
Bxf3 c6 16. Be2 Nxb3 17. axb3 Kb8 18. bxc6 Nxc6 19. Bb5 Rc8 20. c4 Qb7 21. Ba6
Qc7 22. Bxc8 Rxc8 23. cxd5 Nb4 24. Bd2 Nxd5 25. Rec1 1-0

[Event "AUTO-OPEN-2313"]
[Site "http://www.queenalice.com/game.php?id=918190"]
[Date "2011.3.27"]
[Round "1"]
[White "SLCA"]
[Black "devagar"]
[Result "0-1"]
[WhiteElo "1021"]
[BlackElo "1993"]

1. e4 c5 2. Nc3 Nc6 3. g3 d6 4. Bg2 Nf6 5. f4 g6 6. Nf3 Bg7 7. O-O O-O 8. d3 Bg4
9. Be3 Qb6 10. Rb1 Bxf3 11. Bxf3 Nd7 12. g4 Nd4 13. Nd5 Nxf3+ 14. Qxf3 Qd8 15.
f5 Ne5 16. Qg3 f6 17. fxg6 hxg6 0-1

[Event "AUTO-OPEN-2313"]
[Site "http://www.queenalice.com/game.php?id=918191"]
[Date "2011.3.27"]
[Round "1"]
[White "devagar"]
[Black "SLCA"]
[Result "1-0"]
[WhiteElo "1981"]
[BlackElo "1000"]

1. e4 e6 2. d4 d5 3. exd5 exd5 4. Nf3 Bd6 5. Nc3 c6 6. Be2 Ne7 7. O-O O-O 8. Be3
h6 9. Qd2 Nf5 10. a3 Nd7 11. Bd3 Nf6 12. Ne2 Re8 13. Bxf5 Bxf5 14. c3 Be4 15.
Rae1 Bxf3 16. gxf3 Qc7 17. Ng3 Re6 18. Kg2 1-0

[Event "Let's Play Chess!"]
[Site "http://www.queenalice.com/game.php?id=918308"]
[Date "2011.3.28"]
[Round "-"]
[White "SLCA"]
[Black "carionic"]
[Result "0-1"]
[WhiteElo "1028"]
[BlackElo "1329"]

1. e4 d5 2. exd5 Qxd5 3. Nc3 Qe6+ 4. Qe2 Qxe2+ 5. Bxe2 e5 6. Nf3 f6 7. O-O Nc6
8. Bb5 Ne7 9. d4 a6 10. Bxc6+ bxc6 11. dxe5 f5 12. Bf4 Nd5 13. Nxd5 cxd5 14.
Rfd1 Be6 15. Nd4 Ke7 16. Nxe6 Kxe6 17. c3 c5 18. Rd2 c4 19. Rad1 Rd8 0-1

[Event "Let's Play Chess!"]
[Site "http://www.queenalice.com/game.php?id=919254"]
[Date "2011.3.30"]
[Round "-"]
[White "SLCA"]
[Black "fpferreira"]
[Result "0-1"]
[WhiteElo "1039"]
[BlackElo "1365"]

1. e4 e5 2. Nf3 d6 3. d4 exd4 4. Nxd4 d5 5. exd5 Qxd5 6. Nc3 Qd6 7. g3 Nf6 8.
Bf4 Qd7 9. Bg2 Bb4 10. Nb5 Qxd1+ 11. Rxd1 O-O 12. Nxc7 b6 0-1

[Event "Let's Play Chess!"]
[Site "http://www.queenalice.com/game.php?id=919255"]
[Date "2011.3.30"]
[Round "-"]
[White "fpferreira"]
[Black "SLCA"]
[Result "1-0"]
[WhiteElo "1368"]
[BlackElo "1033"]

1. e4 e6 2. d4 d5 3. e5 c5 4. c3 Nc6 5. Ne2 Qb6 6. Be3 Qxb2 7. Nd2 cxd4 8. cxd4
Bb4 9. Qc1 Qxc1+ 10. Nxc1 Bxd2+ 11. Bxd2 Nxd4 12. Bd3 1-0

[Event "AUTO-BEG-475"]
[Site "http://www.queenalice.com/game.php?id=920081"]
[Date "2011.3.31"]
[Round "1"]
[White "SLCA"]
[Black "johnny"]
[Result "0-1"]
[WhiteElo "1005"]
[BlackElo "1319"]

1. e4 e5 2. Nf3 Nc6 3. Bb5 d6 4. d4 Bd7 5. O-O Nf6 6. Nc3 exd4 7. Nxd4 Nxd4 8.
Bxd7+ Qxd7 9. Qxd4 Be7 10. Bf4 O-O 11. h3 c5 12. Qd3 b6 13. Rfd1 a5 14. Bxd6
Bxd6 15. Qxd6 Qxd6 16. Rxd6 Rab8 0-1

[Event "AUTO-BEG-475"]
[Site "http://www.queenalice.com/game.php?id=920082"]
[Date "2011.3.31"]
[Round "1"]
[White "johnny"]
[Black "SLCA"]
[Result "1-0"]
[WhiteElo "1315"]
[BlackElo "1010"]

1. e4 e6 2. Nf3 d5 3. exd5 exd5 4. d4 Bd6 5. Nc3 c6 6. Bg5 Nf6 7. Bxf6 Qxf6 8.
Bd3 Bg4 9. O-O Bxf3 10. Qxf3 Qxf3 11. gxf3 O-O 12. Ne2 Nd7 13. Ng3 g6 14. Kg2
Rfe8 15. a4 a5 16. b3 Re7 17. Rae1 1-0

[Event "AUTO-BEG-475"]
[Site "http://www.queenalice.com/game.php?id=920083"]
[Date "2011.3.31"]
[Round "1"]
[White "SLCA"]
[Black "jajerduco"]
[Result "0-1"]
[WhiteElo "996"]
[BlackElo "1285"]

1. e4 d5 2. exd5 Nf6 3. d4 Nxd5 4. Nf3 Bg4 5. h3 Bf5 6. Bd3 Be6 7. Ng5 Qd6 8.
Qe2 h6 9. Nxe6 fxe6 10. Qh5+ Kd8 11. c3 Nf6 12. Qf3 Nc6 0-1

[Event "AUTO-BEG-475"]
[Site "http://www.queenalice.com/game.php?id=920084"]
[Date "2011.3.31"]
[Round "1"]
[White "jajerduco"]
[Black "SLCA"]
[Result "1-0"]
[WhiteElo "1253"]
[BlackElo "1021"]

1. c4 e5 2. g3 Nc6 3. Bg2 Nf6 4. Nc3 Bc5 5. e3 O-O 6. Nge2 Re8 7. O-O e4 8. Nf4
d6 9. Ncd5 Bf5 10. a3 a5 11. d4 exd3 12. Nxd3 1-0